| 000 | 01226nam a2200313 c 4500 | ||
|---|---|---|---|
| 999 |
_c21217 _d21217 |
||
| 003 | BLK | ||
| 005 | 20230519132937.0 | ||
| 008 | 180413b bul|||||r ||||||| ||bul|| | ||
| 010 | _aKNG00023493000 | ||
| 020 | _a954-459-504-Х | ||
| 040 | _aBLK | ||
| 041 |
_aBUL _cBUL |
||
| 080 |
_aАмериканска литература (на САЩ) _b821.111(73) _x-31 _z821.111(73)-31 |
||
| 100 | 1 |
_aДелински, Барбара _eпърви автор _959608 |
|
| 139 |
_aДелински, Барбара _bД 37 |
||
| 245 | 1 | 0 |
_aТри желания _bРоман _cБарбара Делински; прев. от англ. Мария Тоскова. |
| 257 | _aUSA | ||
| 260 |
_bХермес _c1998 _fХасково : Полиграфюг _aПловдив |
||
| 300 |
_a318 с. _c20 см |
||
| 380 | _aX | ||
| 490 |
_aМегаселър _9201185 |
||
| 500 | _aОриг. загл. Three wishes / Barbara Delinsy. | ||
| 700 | 1 |
_aТоскова, Мария Димитрова _eпрев. от англ. _9265516 |
|
| 852 |
_aЦб 318105 _bО |
||
| 856 | 4 |
_qpdf _u _i0.00 _ldisable |
|
| 856 | 4 |
_qpdf _u _i0.00 _ldisable |
|
| 942 |
_cKNG _n0 _028 _s1 |
||
| 944 |
_aCR _c15.01.2003 _kНаталия_Медовщикова |
||
| 944 |
_aED _c2023-05-19 _kГГГ |
||
| 999 | _d21217 | ||